| 000 | 01316cam a22003857a 4500 | ||
|---|---|---|---|
| 003 | CHAP | ||
| 005 | 20220329141212.0 | ||
| 008 | 971010s1971 r 00010 d | ||
| 010 | _a64295 | ||
| 011 | _a65267 | ||
| 035 | _a71608 | ||
| 040 | _cCHAP | ||
| 090 | _aTesis | ||
| 100 | 0 | 0 |
_aUriza Salgado, Francisco Xavier. _9116965 |
| 245 | 1 | 3 | _aEl plan de mejoramiento parcelario en el Distrito de Riego No. 10 Culiacán, Sin. |
| 260 |
_aChapingo, Méx. : _bEl autor, _c1971 |
||
| 300 | _a74 h | ||
| 502 | _aTesis (Ing. Agr. Esp. en Suelos) -- ENA. Departamento de Suelos | ||
| 590 |
_aALEPH _b10 _c20130110 _lUCH01 _h1351 |
||
| 590 |
_aBATCH-UPD _b10 _c20130110 _lUCH01 _h0136 |
||
| 590 |
_aBATCH-UPD _b10 _c20130110 _lUCH01 _h1956 |
||
| 590 |
_aBATCH-UPD _b10 _c20130409 _lUCH01 _h2133 |
||
| 590 |
_aBATCH-UPD _b10 _c20130410 _lUCH01 _h1317 |
||
| 590 |
_aBATCH-UPD _b10 _c20130914 _lUCH01 _h1208 |
||
| 590 |
_aCONVERSION _b10 _c20130109 _lUCH01 _h1335 |
||
| 650 | 1 | 4 |
_aAgua _xAprovechamiento. _92282 |
| 650 | 1 | 4 |
_aDistrito de Riego Culiacán, Sin. _932865 |
| 650 | 1 | 4 |
_aIrrigación _xSinaloa. _960481 |
| 650 | 1 | 4 |
_aIrrigación _xSinaloa. _960481 |
| 901 | _aBK | ||
| 942 | _cFOLL | ||
| 949 |
_bBC _cTES _d-153798 _eTS1 _i71608 _si |
||
| 949 |
_bBC _cTES _d-153799 _eTS2 _fc.2 _i71608 _si |
||
| 949 |
_bS _cTES _d-4251 _eTS1 _i71608 _si |
||
| 999 |
_c64295 _d64295 |
||